| 000 | 01348cam a22003131 4500 | ||
|---|---|---|---|
| 001 | howtoselectrapid00peis | ||
| 003 | CaSfIA | ||
| 005 | 20210118101510.0 | ||
| 007 | cr|||| | ||
| 008 | 731211s1966 xx 000 0 eng | ||
| 035 | _9(DLC) 66023028 | ||
| 856 | 4 | 1 |
_uhttp://www.archive.org/details/howtoselectrapid00peis _zFree eBook from the Internet Archive |
| 856 | 4 | 2 |
_uhttp://www.openlibrary.org/books/OL5991929M _zAdditional information and access via Open Library |
| 010 | _a 66023028 | ||
| 035 | _a(OCoLC)758233 | ||
| 040 |
_aDLC _cOAkU _dDLC _dCaSfIA |
||
| 042 | _apremarc | ||
| 050 | 0 | 0 |
_aHG4921 _b.P4 |
| 100 | 1 | _aPeisner, Robert N. | |
| 245 | 1 | 0 |
_aHow to select rapid growth stocks; _h[electronic resource] _bsix practical investment tools for finding stocks with a potential for rapid growth, _cby Robert N. Peisner. |
| 250 | _a[1st ed.] | ||
| 260 |
_aNew York, _bDutton, _c1966. |
||
| 300 |
_a160 p. _billus. |
||
| 650 | 0 | _aSpeculation. | |
| 650 | 0 |
_aStocks _zUnited States. |
|
| 942 | _cEB | ||
| 506 | _fНеобхідна авторизація на https://archive.org/ (створення облікового запису безкоштовно) | ||
| 506 | _fНеобхідна авторизація на https://openlibrary.org/ (створення облікового запису безкоштовно) | ||
| 999 |
_c509069 _d509069 |
||